| Tag |
First Indicator |
Second Indicator |
Subfields |
| LEADER |
00000cam a2200000 a 4500 |
| 001 |
in00000090023 |
| 005 |
20151008063623.0 |
| 008 |
790911s1977 enka 00010 eng d |
| 035 |
|
|
|a (OCoLC)05363144
|
| 035 |
|
|
|9 AAK2607AM
|
| 040 |
|
|
|a CGP
|c CGP
|d m.c.
|d TXA
|d UtOrBLW
|
| 043 |
|
|
|a n-us---
|
| 049 |
|
|
|a TXAM
|c [1804190]
|
| 090 |
|
|
|a NA712
|b .S65
|
| 100 |
1 |
|
|a Stern, Robert A. M.
|
| 245 |
1 |
0 |
|a America now :
|b drawing towards a more modern architecture /
|c guest editor, Robert A.M. Stern.
|
| 264 |
|
1 |
|a London :
|b Architectural Design Magazine,
|c [1977?]
|
| 300 |
|
|
|a 381-446 pages :
|b illustrations (some color) ;
|c 28 cm.
|
| 336 |
|
|
|a text
|b txt
|2 rdacontent
|
| 337 |
|
|
|a unmediated
|b n
|2 rdamedia
|
| 338 |
|
|
|a volume
|b nc
|2 rdacarrier
|
| 490 |
1 |
|
|a AD profiles ;
|v 6
|
| 500 |
|
|
|a "This special issue of AD [Architectural design, 6/77], forms the catalogue to two exhibitions of contemporary American architectural drawings being held in New York--at the Cooper-Hewitt Museum and at the Drawing Center--from September 20, 1977, through to November 6, 1977."
|
| 650 |
|
0 |
|a Architecture
|z United States
|x History
|y 20th century.
|
| 830 |
|
0 |
|a AD profiles ;
|v 6.
|
| 999 |
|
|
|a MARS
|
| 999 |
f |
f |
|s 05a064bd-f197-3d41-8b55-9b870feb2ea2
|i 169dacb4-bddc-3bdc-8a02-4b86cdefef47
|t 0
|
| 952 |
f |
f |
|p normal
|a Texas A&M University
|b College Station
|c Sterling C. Evans Library
|d Evans: Library Stacks
|t 0
|e NA712 .S65
|h Library of Congress classification
|i unmediated -- volume
|m A14807204937
|
| 998 |
f |
f |
|a NA712 .S65
|t 0
|l Evans: Library Stacks
|